Statistics for NBA Teams that Changed Names

Click here to take the quiz!

General Stats

  • This quiz has been taken 112 times
  • The average score is 5 of 10

Answer Stats

Year Current Name Previous Name % Correct
2008Oklahoma City ThunderSeattle SuperSonics
98%
2013New Orleans PelicansNew Orleans Hornets
89%
1997Washington WizardsWashington Bullets
88%
2014Charlotte HornetsCharlotte Bobcats
82%
1972Sacramento KingsCincinnati Royals
59%
1978Los Angeles ClippersBuffalo Braves
30%
1963Philadelphia 76ersSyracuse Nationals
28%
1974Denver NuggetsDenver Rockets
13%
1951Atlanta HawksBuffalo Bisons / Tri-Cities Blackhawks
12%
1973San Antonio SpursTexas Chaparrals
9%

Score Distribution

Percentile by Number Answered

Percent of People with Each Score

Your Score History

You have not taken this quiz